部首为女的常见中文汉字 Common Chinese characters with the radical “Female” - Statistics

General Stats
  • This quiz has been taken 46 times
  • The average score is 53 of 137
Answer Stats
拼音首字母 笔画数 汉字 % Correct
m 6
93%
j 8
90%
m 8
90%
h 6
88%
n 3
85%
j 6
83%
n 5
80%
n 10
80%
y 9
80%
ɡ 8
73%
n 5
73%
f 6
71%
j 10
71%
r 6
71%
j 7
68%
p 11
66%
z 7
66%
m 12
63%
z 8
63%
e 10
61%
n 9
61%
d 7
59%
f 6
59%
c 11
56%
j 13
56%
l 10
56%
m 7
56%
m 8
56%
t 6
56%
x 13
56%
j 9
54%
l 9
54%
t 12
54%
y 7
54%
y 7
54%
n 8
51%
p 13
51%
y 9
51%
y 12
51%
j 9
49%
j 10
49%
j 11
49%
w 9
49%
e 10
46%
j 11
46%
p 14
46%
s 9
46%
s 12
46%
w 11
46%
x 8
46%
y 7
46%
d 8
44%
d 10
44%
h 11
44%
j 13
44%
q 8
44%
r 7
44%
b 11
41%
c 11
41%
c 14
41%
f 7
41%
m 12
41%
r 9
41%
s 11
41%
w 10
41%
q 8
39%
s 7
39%
s 8
39%
a 13
37%
b 11
37%
q 11
37%
s 8
37%
s 10
37%
w 7
37%
x 10
37%
y 7
37%
y 9
37%
z 9 姿
37%
s 10
34%
y 10
34%
y 14
34%
ɡ 7
32%
j 9
32%
l 9
32%
n 14
32%
y 9
32%
b 7
29%
c 9
29%
j 7
29%
w 6
29%
n 7
27%
p 10
27%
t 7
27%
w 8
27%
y 16
27%
a 12
24%
w 10
24%
y 11
24%
z 6
24%
m 10
22%
p 9
22%
x 13
22%
x 15
22%
e 8
20%
l 9
20%
m 17
20%
x 10
20%
x 12 婿
20%
l 11
17%
n 17
17%
s 6
17%
y 7
17%
d 14
15%
j 9
15%
ɡ 13
12%
m 13
12%
q 14
12%
c 13
10%
j 7
10%
l 14
10%
p 13
10%
s 16
10%
s 20
10%
c 11
7%
w 9
7%
w 12
7%
b 16
5%
c 10
5%
l 14
5%
l 14
5%
n 11
5%
z 14
5%
a 12
2%
s 9
2%
x 11
2%
b 8
0%
y 13
0%
No matching quizzes found
Score Distribution
Percent of People with Each Score
Percentile by Number Answered
Your Score History
You have not taken this quiz